00553nam a2200157 a 450000100100000000500170001000800410002704000250006808200150009310000270010824500920013526000420022730000210026950000730029050400320036300004254520201002040227.0131211s1972 sp r 000 0 spa d aDO-SdBNPbspacBNPHU axxxxbxxxx1 aMuñoz Valle, Isidoro10aActitudes ante la Cultura Clásica a lo largo de la historia /cIsidoro Muñoz Valle. aMadrid :bGráficas Cóndor,c1972. a174 p. ;c19 cm. aIncluye referencias bibliográficas y notas al pie de las páginas aBibliografía : p. 153-154